[Event "Regionalliga Sued-West 1718"]
[Site "Bayern"]
[Date "2018.03.18"]
[Round "8.8"]
[White "Menzinger, Peter"]
[Black "Tuna, Taner"]
[Result "1/2-1/2"]
[WhiteElo "1762"]
[BlackElo "1644"]
[PlyCount "32"]
[EventDate "2017.10.22"]
[EventType "team-tourn"]
[EventRounds "9"]
[EventCountry "GER"]
[SourceTitle "EXT 2022"]
[Source "ChessBase"]
[SourceDate "2021.10.06"]
[SourceVersion "1"]
[SourceVersionDate "2021.10.06"]
[SourceQuality "1"]
[WhiteTeam "Marktoberdorf"]
[BlackTeam "Augsburg SK Rochade"]
[WhiteTeamCountry "GER"]
[BlackTeamCountry "GER"]

1. Nf3 c5 2. g3 Nf6 3. Bg2 g6 4. 0-0 Bg7 5. d4 cxd4 6. Nxd4 Nc6 7. c3 d5 8. Qb3 e5 9. Nf3 0-0 10. Bg5 Rb8 11. e3 h6 12. Bxf6 Bxf6 13. Nbd2 Be6 14. Qb5 a6 15. Qe2 Qb6 16. b3 e4 1/2-1/2